000 00518nam a2200181Ia 4500
008 100917s9999 xx 000 0 und d
082 _b37991
100 _aरांगणेकर कुमुदिनी - अनु.
245 _aकामिनी
260 _bमनोरंजन प्रकाशन
_c1978
300 _a178
365 _b12
520 _aकादंबरी
630 _aकामिनी
650 _aकादंबरी
730 _aकामिनी
942 _cBOOK
999 _c643385
_d643382